Library Header

Lyrical ballads 1798 (Record no. 1071)

MARC details
000 -LEADER
fixed length control field 00444nam a2200145 4500
082 ## - DEWEY DECIMAL CLASSIFICATION NUMBER
Classification number 821.05
Item number WOR/COL
100 ## - MAIN ENTRY--PERSONAL NAME
Personal name Wordsworth, William
245 ## - TITLE STATEMENT
Title Lyrical ballads 1798
Statement of responsibility, etc. William Wordsworth and Samuel Taylor Coleridge ; edited by W. J. B. Owen
250 ## - EDITION STATEMENT
Edition statement 2nd ed.
260 ## - PUBLICATION, DISTRIBUTION, ETC.
Place of publication, distribution, etc. London
Name of publisher, distributor, etc. Oxford University Press
Date of publication, distribution, etc. 1969
300 ## - PHYSICAL DESCRIPTION
Extent xl,179p.; 20cm.
500 ## - GENERAL NOTE
General note reprinted 1971
710 ## - ADDED ENTRY--CORPORATE NAME
Corporate name or jurisdiction name as entry element Coleridge Samuel Taylor
710 ## - ADDED ENTRY--CORPORATE NAME
Corporate name or jurisdiction name as entry element Owen, W. J. B.
Holdings
Withdrawn status Lost status Damaged status Not for loan Collection code Home library Current library Date acquired Total Checkouts Full call number Barcode Date last seen Copy number Price effective from Koha item type
        ENGLISH North Eastern Hill University North Eastern Hill University 18/11/2011   821.05 WOR/COL A1350 18/11/2011 ,1 18/11/2011 Books